000 00386nam a2200157Ia 4500
008 210210b1984 xxu||||| |||| 00| 0 eng d
020 _a0 632 00995 0
082 _a581.234 HILM
100 _aHILL (STEPHEN A).
245 _aMethods in plant virology.
260 _aLondon
_bB S P
_c1984
300 _aviii,167
650 _aPlant Virology
690 _aBotany
906 _a043133
999 _c92604
_d92604